Southville International School and Colleges
Your cart is empty.
  • Cart
  • Lists
    Public lists Eva Luna New books Lux_list list_1
    Your lists Log in to create your own lists
  • Log in to your account
  • Your cookies
  • Search history
Southville International School and Colleges
  • Advanced search
  • Recent comments
  • Most popular
  • Libraries

Log in to your account

Log in with GOOGLE


If you do not have an external account, but do have a local account, you can still log in:

  1. Home
  2. MARC view: The Berenstain Bears science fair.
Normal view MARC view ISBD view

The Berenstain Bears science fair. (Record no. 110196)

[ view plain ]
MARC details
000 -LEADER
fixed length control field 00295nam a2200121 a 4500
001 - CONTROL NUMBER
control field 4140
005 - DATE AND TIME OF LATEST TRANSACTION
control field 20140414131851.0
008 - FIXED-LENGTH DATA ELEMENTS--GENERAL INFORMATION
fixed length control field 090218s19uu xx 00 eng d
050 ## - LIBRARY OF CONGRESS CALL NUMBER
Classification number M 500
Item number B35
100 ## - MAIN ENTRY--PERSONAL NAME
Personal name Berenstain, Jan & Stan
245 ## - TITLE STATEMENT
Title The Berenstain Bears science fair.
Holdings
Withdrawn status Lost status Damaged status Home library Current library Shelving location Date acquired Total Checkouts Full call number Barcode Date last seen Price effective from Koha item type
      Munich Library Munich Library Main Section 02/18/2009   M 500 B35 M0529 04/14/2014 04/14/2014 Books

The Berenstain Bears science fair.

APA

Berenstain J. &. S., .The Berenstain Bears science fair. : .

Chicago

Berenstain Jan & Stan, .The Berenstain Bears science fair. : .

Harvard

Berenstain J. &. S., .The Berenstain Bears science fair. : .

MLA

Berenstain Jan & Stan, .: . .

  • Place hold
  • Print
  • Cite
  • Add to your cart (remove)
  • Save record
    BIBTEX Dublin Core MARCXML MARC (non-Unicode/MARC-8) MARC (Unicode/UTF-8) MARC (Unicode/UTF-8, Standard) MODS (XML) RIS
  • More searches
    Search for this title in:
    Other Libraries (WorldCat) Other Databases (Google Scholar) Online Stores (Bookfinder.com) Open Library (openlibrary.org)

Exporting to Dublin Core...

SOUTHVILLE LIBRARY

Southville International School and Colleges Library

1281 Tropical Ave. Cor. Luxembourg St., BF Homes International, Las Pinas City

Tel. No. 8256374 / 252358 Loc. 117/146

Powered by Koha